| 000 | 00499nam a22001937a 4500 | ||
|---|---|---|---|
| 003 | MPLRDC | ||
| 005 | 20220104125233.0 | ||
| 008 | 210129b ||||| |||| 00| 0 eng d | ||
| 020 | _a978-957-444-387-1 | ||
| 082 | _a855 FJT-2 | ||
| 100 | _a冯寄台 | ||
| 245 |
_a一次搞丢两个总统 _c |
||
| 250 | _a初版七刷 | ||
| 260 |
_a台湾 _b九歌出版社有限公司 _c2007 |
||
| 300 | _b262 | ||
| 490 | _a九歌文库: 784 | ||
| 650 | _a散文;随笔、日记 | ||
| 942 |
_cBK _o855 FJT-2 |
||
| 999 |
_c25759 _d25749 |
||